00846nam a2200217 a 4500001001000000003000900010005001700019007000300036008004100039040002500080082002800105100003900133245012700172260003500299300004300334500005400377500004200431650005800473651004100531700005600572000007824DO-SdBNP20250217091458.0ta090911s1992 dr ac 001 0 spa d aDO-SdBNPbspacBNPHU 4a370.97293697bC744i2221 aConcepción, Patria Quisqueya Ana10aInfluencia de la iglesia católica en la educación vegana /cprólogo Nicolás de Jesus Cardenal López Rodríguez. a[La Vega ?] :b[s. n.],c1992. a165 p. :bil., fots., retrs. ;c20 cm. aIncluye datos biográficos de la autora : p. 167 aIncluye notas al pie de las páginas 4aEducacion secundariazRepública Dominicana, La Vega 4aSacerdotes dominicanosvBiografías1 a López Rodríguez, Nicolás de Jesús, d1936-